<?xml version="1.0" encoding="UTF-8"?>
<record
    xmlns:xsi="http://www.w3.org/2001/XMLSchema-instance"
    xsi:schemaLocation="http://www.loc.gov/MARC21/slim http://www.loc.gov/standards/marcxml/schema/MARC21slim.xsd"
    xmlns="http://www.loc.gov/MARC21/slim">

  <leader>00278nam a22001217a 4500</leader>
  <datafield tag="040" ind1=" " ind2=" ">
    <subfield code="c">SY</subfield>
  </datafield>
  <datafield tag="082" ind1=" " ind2=" ">
    <subfield code="a">839</subfield>
  </datafield>
  <datafield tag="100" ind1=" " ind2=" ">
    <subfield code="a">KOL TOUCH; &#x1782;&#x179B;&#x17CB; &#x1791;&#x17BC;&#x1785;</subfield>
  </datafield>
  <datafield tag="245" ind1=" " ind2=" ">
    <subfield code="a">&#x178A;&#x17B8; &#x1793;&#x17B7;&#x1784; &#x1796;&#x17D2;&#x179A;&#x17C3;&#x1780;&#x1798;&#x17D2;&#x1796;&#x17BB;&#x1787;&#x17B6;</subfield>
  </datafield>
  <datafield tag="260" ind1=" " ind2=" ">
    <subfield code="a">RUA</subfield>
    <subfield code="b">KOL</subfield>
    <subfield code="c">1995</subfield>
  </datafield>
  <datafield tag="300" ind1=" " ind2=" ">
    <subfield code="a">152p.</subfield>
  </datafield>
  <datafield tag="942" ind1=" " ind2=" ">
    <subfield code="c">KB</subfield>
  </datafield>
  <datafield tag="999" ind1=" " ind2=" ">
    <subfield code="c">9160</subfield>
    <subfield code="d">9160</subfield>
  </datafield>
  <datafield tag="952" ind1=" " ind2=" ">
    <subfield code="0">0</subfield>
    <subfield code="1">0</subfield>
    <subfield code="4">0</subfield>
    <subfield code="6">839_000000000000000_KOL_1995_C306</subfield>
    <subfield code="7">0</subfield>
    <subfield code="9">50863</subfield>
    <subfield code="a">LBC</subfield>
    <subfield code="b">LBC</subfield>
    <subfield code="c">C306</subfield>
    <subfield code="d">2016-08-25</subfield>
    <subfield code="o">839 KOL 1995 C306</subfield>
    <subfield code="p">RUA060033</subfield>
    <subfield code="r">2016-08-25</subfield>
    <subfield code="y">KB</subfield>
  </datafield>
  <datafield tag="952" ind1=" " ind2=" ">
    <subfield code="0">0</subfield>
    <subfield code="1">0</subfield>
    <subfield code="4">0</subfield>
    <subfield code="6">839_000000000000000_KOL_1995_C306</subfield>
    <subfield code="7">0</subfield>
    <subfield code="9">50864</subfield>
    <subfield code="a">LBC</subfield>
    <subfield code="b">LBC</subfield>
    <subfield code="c">C306</subfield>
    <subfield code="d">2016-08-25</subfield>
    <subfield code="o">839 KOL 1995 C306</subfield>
    <subfield code="p">RUA043377</subfield>
    <subfield code="r">2017-07-26</subfield>
    <subfield code="y">KB</subfield>
  </datafield>
  <datafield tag="952" ind1=" " ind2=" ">
    <subfield code="0">0</subfield>
    <subfield code="1">0</subfield>
    <subfield code="4">0</subfield>
    <subfield code="6">839_000000000000000_KOL_1995_C329</subfield>
    <subfield code="7">0</subfield>
    <subfield code="9">50866</subfield>
    <subfield code="a">LBC</subfield>
    <subfield code="b">LBC</subfield>
    <subfield code="c">C329</subfield>
    <subfield code="d">2016-08-25</subfield>
    <subfield code="o">839 KOL 1995 C329</subfield>
    <subfield code="p">RUA046271</subfield>
    <subfield code="r">2016-08-25</subfield>
    <subfield code="y">KB</subfield>
  </datafield>
</record>
